| 000 | 00644nam a2200193Ia 4500 | ||
|---|---|---|---|
| 008 | 191130s1957##################000#0#eng## | ||
| 020 | _a9780486203027 | ||
| 040 |
_aACL _cACL |
||
| 082 | _a745.4 MEY | ||
| 100 | _aMeyer, Franz Sales | ||
| 245 | _aHandbook of ornament; a grammar of art, industrial and architectural designing in all its branches for practical as well as theoretical use | ||
| 250 | _aRev. ed | ||
| 260 |
_aMineola, NY _bDover Publications _c1957 |
||
| 300 | _axiv, 548 p. illus. 21 cm | ||
| 650 | _aDecoration and ornament | ||
| 990 | _a7d32d168ac10000c488248b7e6e796cf | ||
| 991 | _a320860 | ||
| 999 |
_c237856 _d237856 |
||